000
00303nam a22001337a 4500
020
_a
978-0-00-725148-3
082
_a
823
_b
STI/G
100
_a
STINE, R L
245
_a
NIGHTMARE HOUR
260
_a
LONDON
_b
HARPER COLLINS
_c
2007
300
_a
148
650
_a
HORROR STORIES
_z
UNITED KINGDOM
942
_c
BK
999
_c
4594
_d
4594